00598nam a2200193Ia 4500003000900000008004100009020003000050020003100080040001600111100001700127245005400144250001200198260004800210300002000258650001600278650001800294700001900312856007300331IN-BaIIA211028s9999 xx s 000 0 eng d a978-1-107101-92-0 (Print) a978-1-316182-27-7 (Online) cIIA Library aMazur, Barry 0aPrime Numbers and the Riemann Hypothesish[eBook] a1st ed. aCambridgebCambridge University Pressc2016 aOnline resource aMathematics aNumber Theory aStein, William uhttps://doi.org/10.1017/CBO9781316182277yClick Here to Access eBook